| 000 | 02925nam a2200301 a 4500 | ||
|---|---|---|---|
| 003 | CSPC | ||
| 005 | 20251006104853.0 | ||
| 007 | ta | ||
| 008 | 240424s2023 ph a m 000 0deng d | ||
| 090 | _aUTH BSOA M544a 2023 | ||
| 100 | 1 | _aMerilles, Maria Lora Cheena A. | |
| 245 | 1 | 0 |
_aAssessment of the student internship program of the Bachelor of Science in Office Administration students in Camarines Sur Polytechnic Colleges Buhi Campus / _c Maria Lora Cheena A. Merilles, Nova Mae N. NiƱofranco, and Angela C. Oliveros. |
| 260 |
_aBuhi, Camarines Sur : _bCamarines Sur Polytechnic Colleges, _c2023. |
||
| 300 | _a107 leaves. | ||
| 336 |
_2rdacontent _atext |
||
| 337 |
_2rdamedia _aunmediated |
||
| 338 |
_2rdacarrier _avolume |
||
| 502 |
_aUndergraduate Thesis (BSOA)- Office Administration _cCamarines Sur Polytechnic Colleges, 2023. |
||
| 520 | 3 | _aInternship is a form of experiential learning that integrates theory and knowledge learned in the classroom with practical application and skill development in a professional setting. This study is about the Assessment of the Student Internship Program of the Bachelor of Science in Office Administration students in Camarines Sur Polytechnic Colleges, Buhi Campus with the subject of the perceived level of effectiveness, problems encountered by the student trainers along with verbal communication skills, written communication skills, critical thinking skills, interpersonal skills, time management skills, the advantages of the student internship program for the student's future career, and the proposed recommendations to enhance the skills of the students. Sixty (60) respondents from the Bachelor of Science in Office Administration Students in Camarines Sur Polytechnic Colleges, Buhi Campus who were systematically chosen. The descriptive method was used to attain the objectives. The instrument used in this study was a research-made survey questionnaire conducted online for data collection and was interpreted using weighted mean, 4-point Likert scale type, and rank ordering method. The result showed that the perceived level of effectiveness of the respondents in terms of verbal communication skills, written communication skills, critical thinking skills, interpersonal skills, and time management skills were all rated as sometimes encountered. Additionally, there are advantages of the student internship program for the student's future career and there are proposed recommendations to enhance the skills of the students. | |
| 700 | 1 |
_a NiƱofranco, Nova Mae N., _eauthor. |
|
| 700 | 1 |
_aOliveros, Angela C., _eauthor. |
|
| 720 | 1 |
_aOliveros, Josefin N., _eadviser. |
|
| 720 | 1 |
_aEscuro, Jessibel L., _epanelist, chair. |
|
| 720 | 1 |
_aVillar, Mariber M., _epanelist. |
|
| 720 | 2 |
_aEstrebello, Genevie A., _epanelist. |
|
| 942 |
_2ddc _n0 _cUM _hM544a _iBSOA _kUTH _m2023 |
||
| 999 |
_c27511 _d27511 |
||